Tratado económico del alumbrado de gas / (Registro nro. 164141)

Detalles MARC
000 -LEADER
campo de control de longitud fija 00604nam a2200157 i 4500
001 - NÚMERO DE CONTROL
campo de control 164141
003 - IDENTIFICADOR DE NÚMERO DE CONTROL
campo de control ES-MaACL
005 - FECHA Y HORA DE LA ÚLTIMA TRANSACCIÓN
campo de control 20230906212858.0
008 - DATOS DE LONGITUD FIJA--INFORMACIÓN GENERAL
campo de control de longitud fija 050727s1862 sp | |||||||| ||spa d
100 1# - ENTRADA PRINCIPAL--NOMBRE DE PERSONA
Nombre de persona Ruiz, José Salvador.
9 (RLIN) 132200
245 10 - MENCIÓN DEL TÍTULO
Título Tratado económico del alumbrado de gas /
Mención de responsabilidad, etc. por José Salvador Ruiz.
260 ## - PUBLICACIÓN, DISTRIBUCIÓN, ETC.
Lugar de publicación, distribución, etc. Valladolid :
Nombre del editor, distribuidor, etc. Impren Imp., Librería Nacional y Extranjera de los Hijos de Rodríguez,
Fecha de publicación, distribución, etc. 1862.
300 ## - DESCRIPCIÓN FÍSICA
Extensión 50 p. ;
Dimensiones 18 cm.
650 ## - PUNTO DE ACCESO ADICIONAL DE MATERIA--TÉRMINO DE MATERIA
Término de materia o nombre geográfico como elemento de entrada Alumbrado de gas.
9 (RLIN) 174828
852 4# - LOCALIZACIÓN
Ubicación ES-MaACL
Número de control de estantería T-645-F-7
Nota libre - Enc. hol. conservando cub. original
-- - Enc. en un vol. facticio
Existencias
Estatus retirado Estado de pérdida Estado de daño No para préstamo Colección Biblioteca de origen Biblioteca actual Ubicación en estantería Fecha de adquisición Total de préstamos Signatura topográfica completa Código de barras Visto por última vez Precio de reemplazo Tipo de ítem Koha
        Colección de folletos Biblioteca del Ateneo de Madrid Biblioteca del Ateneo de Madrid Depósito folletos 17/01/2008   T-645-F-7 1172031 23/02/2023 23/02/2023 Folleto